| 000 | 00850nas a2200265 4500 | ||
|---|---|---|---|
| 001 | BR2011000104 | ||
| 003 | BR-BrBNA | ||
| 005 | 20231205114359.0 | ||
| 007 | ta | ||
| 008 | 230509b bl.|||p| |||| 00| 00por d | ||
| 040 |
_aBR-BrBNA _bpor _cBiblioteca Nacional de Agricultura |
||
| 041 | _a(Pt) | ||
| 072 | _aL73 | ||
| 100 | 1 | _aNakamura, A.A. | |
| 100 | 1 | _aHomem, C.G. | |
| 100 | 1 | _aGarcia, S.D. | |
| 100 | 1 | _aMeireles, M.V. | |
| 245 | 1 | _aCeratoconjuntivite por Eencephalitozoon hellen em periquitos agapornis (Agapronis spp.)no Brasil: relato de caso | |
| 650 | _aPERIQUITO | ||
| 650 | _aCONUNTIVITE | ||
| 650 | _aZOONOSE | ||
| 773 | 0 |
_tArquivo Brasileiro de Medicina Veterinária e Zootecnia (Brazil) _xISSN 0102-0935 _g(Aug 2010), v. 62(4) p. 816-820 _wBR2011000104 |
|
| 909 |
_a202311 _bLúcia _c55 _dLúcia Elande |
||
| 942 |
_2AGRIS _n0 _cANA |
||
| 999 |
_c208510 _d208510 |
||